Důsledky změn v postavení Evropské unie, USA a zemí BRIC v globální ekonomice
Vývoj a porovnanie veľkosti ekonomík rôznych krajín sveta a ich zoskupenia. Vývoj verejného dlhu a vonkajšia ekonomická (ne)rovnováha, úloha eura a amerického dolára. Čínske ambície erzus americká hegemónia, hlavné línie svetového (ekonomického) konfliktu.
Salvato in:
| Autore principale: | |
|---|---|
| Natura: | Capitolo di libro |
| Lingua: | ceco |
| Soggetti: | |
| Tags: |
Nessun Tag, puoi essere il primo ad aggiungerne!!
|
MARC
| LEADER | 00000naa a2200000 4500 | ||
|---|---|---|---|
| 001 | 0205598 | ||
| 005 | 20220713125822.0 | ||
| 041 | 0 | |a cze | |
| 044 | |a CZ | ||
| 245 | 1 | 0 | |a Důsledky změn v postavení Evropské unie, USA a zemí BRIC v globální ekonomice |c Jiří Malý |
| 520 | |a Vývoj a porovnanie veľkosti ekonomík rôznych krajín sveta a ich zoskupenia. Vývoj verejného dlhu a vonkajšia ekonomická (ne)rovnováha, úloha eura a amerického dolára. Čínske ambície erzus americká hegemónia, hlavné línie svetového (ekonomického) konfliktu. | ||
| 610 | 2 | 0 | |a Európska únia |
| 610 | 2 | 0 | |a USA |
| 610 | 2 | 0 | |a BRICS |
| 610 | 2 | 0 | |a euro |
| 610 | 2 | 0 | |a dolár |
| 610 | 2 | 0 | |a rovnováha hospodárska |
| 610 | 2 | 0 | |a Čína |
| 100 | 1 | |a Malý, Jiří | |